| 000 | 00705nam a2200229Ia 4500 | ||
|---|---|---|---|
| 003 | OSt | ||
| 005 | 20220925191730.0 | ||
| 006 | a|||||r|||| 00| 0 | ||
| 007 | ta | ||
| 008 | 220923b |||||||| |||| 00| 0 eng d | ||
| 037 | _cGeneral Book | ||
| 040 |
_aRTL _cRTL _beng |
||
| 041 |
_2eng _aeng |
||
| 082 | _aX62.2.N88r, M8 | ||
| 110 | _aState Bank of India. | ||
| 245 | 0 | _aSpeech of the Chairman, Shri D.N.Ghosh, at the thirty-third Annual General Meeting of the share holders held at Bhopal on 21st April.1988 | |
| 260 |
_aBombay _bSBI _c1988 |
||
| 300 |
_a32p. _ccm. |
||
| 700 | _aState Bank of India. | ||
| 942 |
_hX62.2.N88r, M8 _cGB _2CC |
||
| 999 |
_c519642 _d519642 |
||